[Event "22nd European Teams"]
[Site "Batumi GEO"]
[Date "2019.10.25"]
[Round "2.11"]
[Board "1"]
[White "Georgiev, Kiril"]
[Black "Rodshtein, Maxim"]
[Result "1-0"]
[WhiteTitle "GM"]
[BlackTitle "GM"]
[WhiteElo "2577"]
[BlackElo "2684"]
[WhiteTeam "Republic of North Macedonia"]
[BlackTeam "Israel"]
[WhiteFideId "2900017"]
[BlackFideId "2806851"]
[EventDate "2019.10.24"]

1. d4 Nf6 2. Nf3 g6 3. g3 Bg7 4. Bg2 d5 5. c4 c6 6. cxd5 cxd5 7. O-O O-O 8. Ne5
Ng4 9. f4 Nc6 10. Nc3 Ngxe5 11. fxe5 e6 12. e4 Qb6 13. Be3 Qxb2 14. Rc1 dxe4 15.
Nxe4 Ne7 16. Rf2 Qa3 17. Bg5 Nd5 18. Qd2 Bd7 19. Rf3 Qb4 20. Qxb4 Nxb4 21. Be7
Nd5 22. Bxf8 Bxf8 23. Rb3 Bh6 24. Rc5 Be8 25. Nf6+ Nxf6 26. exf6 Rd8 27. Bxb7
Bd7 28. Ra5 1-0

[Event "22nd European Teams"]
[Site "Batumi GEO"]
[Date "2019.10.25"]
[Round "2.11"]
[Board "2"]
[White "Smirin, Ilia"]
[Black "Nedev, Trajko"]
[Result "1-0"]
[WhiteTitle "GM"]
[BlackTitle "GM"]
[WhiteElo "2599"]
[BlackElo "2500"]
[WhiteTeam "Israel"]
[BlackTeam "Republic of North Macedonia"]
[WhiteFideId "2801990"]
[BlackFideId "15000605"]
[EventDate "2019.10.24"]

1. e4 c5 2. Nf3 Nc6 3. Bb5 Nf6 4. Bxc6 dxc6 5. d3 g6 6. O-O Bg7 7. Re1 O-O 8. h3
Ne8 9. a4 a5 10. Na3 b6 11. Rb1 Nc7 12. Be3 Ne6 13. c3 Ra7 14. Qb3 Qxd3 15. Qxb6
Ra6 16. Qb8 Rd8 17. Rbd1 Qxd1 18. Rxd1 Rxd1+ 19. Kh2 Rd8 20. Nc4 Bd7 21. Qb3
Raa8 22. Qa3 Bc8 23. Bxc5 Ba6 24. Nxa5 Be2 25. Nxc6 Bxf3 26. gxf3 Rd3 27. Be3
Bf8 28. a5 Rd6 29. Qa4 f5 30. e5 1-0

[Event "22nd European Teams"]
[Site "Batumi GEO"]
[Date "2019.10.25"]
[Round "2.11"]
[Board "3"]
[White "Pancevski, Filip"]
[Black "Nabaty, Tamir"]
[Result "0-1"]
[WhiteTitle "IM"]
[BlackTitle "GM"]
[WhiteElo "2490"]
[BlackElo "2658"]
[WhiteTeam "Republic of North Macedonia"]
[BlackTeam "Israel"]
[WhiteFideId "15002187"]
[BlackFideId "2809052"]
[EventDate "2019.10.24"]

1. c4 e6 2. g3 d5 3. Bg2 a6 4. Qb3 Nf6 5. Nf3 dxc4 6. Qxc4 b5 7. Qc2 Bb7 8. O-O
c5 9. d3 Nc6 10. a4 Be7 11. Be3 Nb4 12. Qb3 c4 13. Qd1 cxd3 14. exd3 Qxd3 15.
axb5 Qxb5 16. Nc3 Qd7 17. Qb3 O-O 18. Rfd1 Nbd5 19. Rac1 Rfb8 20. Bf4 Bd6 21.
Bxd6 Qxd6 22. Qc4 Rd8 23. Na4 Qb4 24. Ne5 Qd6 25. Qd4 Rac8 26. Nc5 Qb6 27. Ned3
Nd7 28. b4 Bc6 29. Qh4 N7f6 30. Ne5 Be8 31. Ncd3 Nc3 32. Re1 Bb5 33. Nf4 Rd4 34.
Bh3 Ne2+ 35. Nxe2 Rxc1 36. Rxc1 Rxh4 37. gxh4 g6 38. Ng3 Qd4 39. Nf3 Qxb4 40.
Rc8+ Kg7 41. Rc7 Qf4 0-1

[Event "22nd European Teams"]
[Site "Batumi GEO"]
[Date "2019.10.25"]
[Round "2.11"]
[Board "4"]
[White "Mikhalevski, Victor"]
[Black "Nikolovski, Nikola"]
[Result "0-1"]
[WhiteTitle "GM"]
[BlackTitle "IM"]
[WhiteElo "2570"]
[BlackElo "2424"]
[WhiteTeam "Israel"]
[BlackTeam "Republic of North Macedonia"]
[WhiteFideId "2801914"]
[BlackFideId "15002314"]
[EventDate "2019.10.24"]

1. Nf3 Nf6 2. g3 c5 3. c4 Nc6 4. Bg2 Qb6 5. O-O e6 6. b3 d5 7. cxd5 exd5 8. Bb2
Be7 9. Nc3 O-O 10. Na4 Qb5 11. d4 c4 12. Ne5 Rd8 13. e3 Be6 14. Qe2 Rac8 15. Nc3
Qa6 16. bxc4 dxc4 17. Nxc6 bxc6 18. Rad1 Rb8 19. e4 Qb6 20. Ba1 Bg4 21. Bf3 Bxf3
22. Qxf3 Bb4 23. Qe2 Qa6 24. Qc2 Rb7 25. f3 Rbd7 26. Ne2 h5 27. Kf2 Ne8 28. Rc1
Nd6 29. e5 Nb5 30. Qxc4 c5 31. dxc5 Rd2 32. Rfe1 Qa4 33. e6 Rxa2 34. exf7+ Kf8
35. Red1 Rxd1 36. Rxd1 Be1+ 37. Kxe1 Qxc4 38. Nf4 Qxf7 39. Be5 Qe8 40. Kf1 g5 0-1

[Event "22nd European Teams"]
[Site "Batumi GEO"]
[Date "2019.10.25"]
[Round "2.12"]
[Board "1"]
[White "Jobava, Baadur"]
[Black "Tutisani, Noe"]
[Result "1/2-1/2"]
[WhiteTitle "GM"]
[BlackTitle "IM"]
[WhiteElo "2617"]
[BlackElo "2412"]
[WhiteTeam "Georgia"]
[BlackTeam "Georgia 2"]
[WhiteFideId "13601520"]
[BlackFideId "13602853"]
[EventDate "2019.10.24"]

1. b3 Nf6 2. Bb2 g6 3. c4 Bg7 4. g3 c6 5. Bg2 d5 6. d3 Qb6 7. Bc3 Ng4 8. Nh3 d4
9. Bd2 a5 10. O-O O-O 11. Na3 Qc5 12. Nc2 Qh5 13. Rb1 e5 14. Qe1 Nf6 15. Ng5 h6
16. Ne4 Nxe4 17. dxe4 f5 18. Bf3 Qh3 19. Bg2 Qh5 20. Bf3 Qh3 21. Bg2 Qh5 22. Bf3
Qh3 1/2-1/2

[Event "22nd European Teams"]
[Site "Batumi GEO"]
[Date "2019.10.25"]
[Round "2.12"]
[Board "2"]
[White "Petriashvili, Nikoloz"]
[Black "Cheparinov, Ivan"]
[Result "1/2-1/2"]
[WhiteTitle "IM"]
[BlackTitle "GM"]
[WhiteElo "2441"]
[BlackElo "2670"]
[WhiteTeam "Georgia 2"]
[BlackTeam "Georgia"]
[WhiteFideId "13611216"]
[BlackFideId "2905540"]
[EventDate "2019.10.24"]

1. d4 f5 2. g3 Nf6 3. Bg2 g6 4. Nf3 Bg7 5. O-O O-O 6. c4 d6 7. Nc3 c6 8. b3 a5
9. Bb2 Na6 10. d5 Bd7 11. Nd4 Rc8 12. Rc1 Nc5 13. e3 Qe8 14. Ba3 Nce4 15. Nxe4
Nxe4 16. Qd3 Qf7 17. Bxe4 fxe4 18. Qxe4 cxd5 19. Qxd5 Qxd5 20. cxd5 Bxd4 21.
exd4 Rxc1 22. Rxc1 Rc8 23. Rxc8+ Bxc8 24. Bc1 Bf5 25. Bd2 b6 26. f3 Bb1 27. a3
Ba2 28. b4 a4 29. Kf2 Kf7 30. Bg5 Bxd5 1/2-1/2

[Event "22nd European Teams"]
[Site "Batumi GEO"]
[Date "2019.10.25"]
[Round "2.12"]
[Board "3"]
[White "Pantsulaia, Levan"]
[Black "Kacharava, Nikolozi"]
[Result "1-0"]
[WhiteTitle "GM"]
[BlackTitle "FM"]
[WhiteElo "2603"]
[BlackElo "2428"]
[WhiteTeam "Georgia"]
[BlackTeam "Georgia 2"]
[WhiteFideId "13602071"]
[BlackFideId "13611860"]
[EventDate "2019.10.24"]

1. c4 c5 2. Nc3 g6 3. g3 Bg7 4. Bg2 Nc6 5. Nf3 d6 6. O-O e6 7. e3 Nge7 8. d4 O-O
9. d5 Na5 10. Nd2 exd5 11. cxd5 Rb8 12. Rb1 b5 13. Ne2 c4 14. b4 cxb3 15. axb3
Nb7 16. Bb2 f6 17. Nd4 Nc5 18. b4 Na4 19. Ba1 Bd7 20. N2b3 Nf5 21. Nc6 Bxc6 22.
dxc6 Nb6 23. Bh3 Nc4 24. Bxf5 gxf5 25. Qd5+ Kh8 26. Nd4 Qe8 27. Nxb5 Qe4 28. Nc3
Qxd5 29. Nxd5 Nd2 30. b5 Nxb1 31. Rxb1 Rfc8 32. Rb4 f4 33. Bd4 fxe3 34. Bxe3 Ra8
35. Ra4 a6 36. Nb6 1-0

[Event "22nd European Teams"]
[Site "Batumi GEO"]
[Date "2019.10.25"]
[Round "2.12"]
[Board "4"]
[White "Oboladze, Luka"]
[Black "Quparadze, Giga"]
[Result "1/2-1/2"]
[WhiteTitle "FM"]
[BlackTitle "GM"]
[WhiteElo "2336"]
[BlackElo "2457"]
[WhiteTeam "Georgia 2"]
[BlackTeam "Georgia"]
[WhiteFideId "13608207"]
[BlackFideId "13602250"]
[EventDate "2019.10.24"]

1. c4 e6 2. Nc3 Bb4 3. e4 Ne7 4. a3 Bxc3 5. dxc3 O-O 6. Nf3 d5 7. cxd5 exd5 8.
exd5 Qxd5 9. Be2 Qxd1+ 10. Bxd1 Nbc6 11. O-O Ng6 12. Bc2 Bg4 13. Ng5 Rad8 14. f3
Bc8 15. Be3 h6 16. Ne4 b6 17. Rad1 Nce5 18. Rxd8 Rxd8 19. Rd1 Rxd1+ 20. Bxd1 f5
21. Nf2 Be6 22. Bc2 Kf7 23. Nh3 c5 24. Kf2 Nc4 25. Bc1 Kf6 26. b3 Na5 27. c4 Nc6
28. Bb2+ Kf7 29. f4 a5 30. Bc3 a4 31. bxa4 Nge7 32. Bb3 Nc8 33. Ke3 Nd6 34. Kd3
Na5 35. Bxa5 bxa5 36. Ng1 g5 37. g3 g4 38. Ne2 Ne4 39. Nc1 h5 40. Ke3 h4 41.
gxh4 Kg6 42. Ne2 Kh5 43. Ng3+ Nxg3 44. hxg3 Bf7 45. Bc2 Bg6 46. Bd3 Kh6 47. Bf1
Kg7 48. Bg2 Kf6 49. Bb7 Be8 50. Bc8 Bh5 51. Bd7 Bg6 52. Bc6 1/2-1/2

[Event "22nd European Teams"]
[Site "Batumi GEO"]
[Date "2019.10.25"]
[Round "2.13"]
[Board "1"]
[White "Nyback, Tomi"]
[Black "Solak, Dragan"]
[Result "1-0"]
[WhiteTitle "GM"]
[BlackTitle "GM"]
[WhiteElo "2565"]
[BlackElo "2602"]
[WhiteTeam "Finland"]
[BlackTeam "Turkey"]
[WhiteFideId "503142"]
[BlackFideId "916811"]
[EventDate "2019.10.24"]

1. Nf3 d5 2. c4 c6 3. e3 Nf6 4. Nc3 e6 5. b3 Bd6 6. Bb2 Nbd7 7. Qc2 O-O 8. Be2
Qe7 9. d4 b6 10. O-O Bb7 11. cxd5 exd5 12. Bd3 Rfe8 13. Ne2 Ne4 14. Ng3 g6 15.
Bxe4 dxe4 16. Nd2 Nf6 17. Nc4 Rac8 18. Nxd6 Qxd6 19. f3 Qd5 20. Ne2 exf3 21.
Rxf3 c5 22. Nc3 Qe6 23. d5 Nxd5 24. Nxd5 Bxd5 25. Qc3 f6 26. e4 Bxe4 27. Rxf6
Qd7 28. Rd6 Qxd6 29. Qg7# 1-0

[Event "22nd European Teams"]
[Site "Batumi GEO"]
[Date "2019.10.25"]
[Round "2.13"]
[Board "2"]
[White "Yilmaz, Mustafa"]
[Black "Keinanen, Toivo"]
[Result "1/2-1/2"]
[WhiteTitle "GM"]
[BlackTitle "FM"]
[WhiteElo "2595"]
[BlackElo "2428"]
[WhiteTeam "Turkey"]
[BlackTeam "Finland"]
[WhiteFideId "6302718"]
[BlackFideId "509825"]
[EventDate "2019.10.24"]

1. d4 d5 2. c4 e6 3. Nc3 Be7 4. Nf3 Nf6 5. Bf4 O-O 6. e3 c5 7. dxc5 Bxc5 8. cxd5
Nxd5 9. Nxd5 exd5 10. Bd3 Bb4+ 11. Nd2 Nc6 12. O-O Qf6 13. a3 Bxd2 14. Qxd2 Bf5
15. Bb5 d4 16. Rac1 dxe3 17. Qxe3 Qxb2 18. Bxc6 bxc6 19. Be5 Qb6 20. Qf3 Bg6 21.
Rxc6 Qa5 22. Bc7 Qf5 23. Qxf5 Bxf5 24. f3 Rfe8 25. Rd1 a6 26. Kf2 Be6 27. Rc5 h6
28. a4 Ra7 29. a5 Rc8 30. Rdc1 Rb7 31. R1c2 Rb3 32. Kg3 Rb4 33. Kf2 Rb3 34. h4
Bd7 35. h5 Bb5 36. g4 Re8 37. Re5 f6 38. Rxe8+ Bxe8 39. Bb6 Bd7 40. Rc7 Rd3 41.
Be3 Rd5 42. Rc5 Rxc5 43. Bxc5 1/2-1/2

[Event "22nd European Teams"]
[Site "Batumi GEO"]
[Date "2019.10.25"]
[Round "2.13"]
[Board "3"]
[White "Sipila, Vilka"]
[Black "Can, Emre"]
[Result "0-1"]
[WhiteTitle "IM"]
[BlackTitle "GM"]
[WhiteElo "2405"]
[BlackElo "2599"]
[WhiteTeam "Finland"]
[BlackTeam "Turkey"]
[WhiteFideId "505455"]
[BlackFideId "6302181"]
[EventDate "2019.10.24"]

1. e4 e6 2. d4 d5 3. Nc3 Nf6 4. e5 Nfd7 5. f4 c5 6. Nf3 Be7 7. Be3 O-O 8. Qd2 a6
9. Be2 Nc6 10. O-O b5 11. a3 Rb8 12. Kh1 Qc7 13. Nd1 a5 14. Nf2 b4 15. axb4 axb4
16. dxc5 Nxc5 17. Nd4 Bd7 18. Nxc6 Bxc6 19. Bd4 Rfc8 20. Qe3 Bb5 21. Bxb5 Rxb5
22. g4 Qd8 23. g5 Nd7 24. Qd3 Ra5 25. Qd2 Nf8 26. Nd3 Rc4 27. Qf2 Rxa1 28. Rxa1
Qc8 29. c3 bxc3 30. bxc3 Ng6 31. Ra7 Rc7 32. Ra4 Qd7 33. Ra5 Rc8 34. Ra7 Qb5 35.
f5 Qb1+ 36. Qg1 Qxg1+ 37. Kxg1 exf5 38. h4 Kf8 39. Bf2 Ke8 40. h5 Nf8 41. Nf4
Bxg5 42. Nxd5 Ne6 43. Kf1 Kf8 44. Ra4 g6 45. hxg6 hxg6 46. Ke2 Rd8 47. Nb4 Rd2+
48. Ke1 Bf4 49. Ra8+ Kg7 50. Ra7 Rd8 51. Ke2 Bxe5 52. Nc6 Nf4+ 53. Kf3 Rd3+ 54.
Be3 Nd5 55. Rxf7+ Kg8 56. Rd7 Rxe3+ 57. Kg2 Nf6 58. Ne7+ Kf7 59. Nxf5+ Nxd7 60.
Nxe3 Bxc3 61. Kf3 Nf6 62. Ng2 g5 63. Ne3 Ke6 64. Ke2 Be5 65. Kf3 Bf4 66. Ng2 Kf5
67. Ne1 g4+ 68. Ke2 Nd5 69. Ng2 Bg3 70. Kf1 Ke4 71. Kg1 Nf4 72. Kf1 Nxg2 0-1

[Event "22nd European Teams"]
[Site "Batumi GEO"]
[Date "2019.10.25"]
[Round "2.13"]
[Board "4"]
[White "Sanal, Vahap"]
[Black "Nyysti, Sampsa"]
[Result "1-0"]
[WhiteTitle "GM"]
[BlackTitle "IM"]
[WhiteElo "2545"]
[BlackElo "2335"]
[WhiteTeam "Turkey"]
[BlackTeam "Finland"]
[WhiteFideId "6300545"]
[BlackFideId "502138"]
[EventDate "2019.10.24"]

1. e4 e5 2. Nf3 Nc6 3. Bb5 a6 4. Ba4 Nf6 5. O-O Be7 6. Bxc6 dxc6 7. d3 Nd7 8.
Nbd2 O-O 9. b3 Nc5 10. Bb2 f6 11. h3 Ne6 12. Nc4 a5 13. a4 b6 14. Ne3 Rf7 15.
Nf5 Bf8 16. Nh2 Nf4 17. Qf3 Bxf5 18. exf5 Qd5 19. Rfe1 Qxf3 20. Nxf3 c5 21. Nd2
g6 22. Nc4 Nd5 23. fxg6 hxg6 24. h4 Bh6 25. g3 Rd8 26. Kg2 Nb4 27. Re2 Nc6 28.
Rf1 Nd4 29. Bxd4 Rxd4 30. Re4 Rdd7 31. Rh1 Rh7 32. h5 gxh5 33. Rxh5 Bf8 34. Rg4+
Bg7 35. Rxh7 Kxh7 36. Ne3 Bh6 37. Nf5 Bc1 38. Kf3 Bd2 39. Ke4 Bc1 40. Ne3 Bxe3
41. fxe3 1-0

[Event "22nd European Teams"]
[Site "Batumi GEO"]
[Date "2019.10.25"]
[Round "2.14"]
[Board "1"]
[White "Zhigalko, Sergei"]
[Black "Kulaots, Kaido"]
[Result "1/2-1/2"]
[WhiteTitle "GM"]
[BlackTitle "GM"]
[WhiteElo "2574"]
[BlackElo "2542"]
[WhiteTeam "Belarus"]
[BlackTeam "Estonia"]
[WhiteFideId "13502956"]
[BlackFideId "4500261"]
[EventDate "2019.10.24"]

1. e4 c5 2. Nf3 d6 3. Bb5+ Nd7 4. O-O a6 5. Bd3 Ngf6 6. a4 b6 7. Re1 Bb7 8. c3
e6 9. Na3 Be7 10. Bc2 Qc7 11. d4 O-O 12. h3 Rfd8 13. Bf4 Nf8 14. Bh2 cxd4 15.
cxd4 Bc6 16. Qe2 Be8 17. Nc4 b5 18. Nxd6 Bxd6 19. e5 Bxe5 20. dxe5 Nd5 21. Rec1
Qb7 22. a5 Nb4 23. Be4 Bc6 24. Ng5 Rac8 25. Bg3 Rd4 26. f3 h6 27. Bxc6 Rxc6 28.
Ne4 Ng6 29. Kh2 Qc7 30. Rxc6 Qxc6 31. Rd1 Rxd1 32. Qxd1 Nd5 33. Qd2 Qc4 34. Nd6
Qc5 35. Ne4 Qc4 36. Nd6 Qc7 37. Ne8 Qc5 38. Nd6 Nge7 39. Bf2 Qc7 40. Bb6 Qc6 41.
Bd4 Ng6 42. g3 Nge7 43. f4 Qc7 44. b4 Nc6 45. Bb6 Nxb6 46. axb6 Qxb6 47. Qg2
Nxb4 48. Qa8+ Kh7 49. Qe4+ Kg8 50. Qa8+ Kh7 51. Qe4+ Kg8 1/2-1/2

[Event "22nd European Teams"]
[Site "Batumi GEO"]
[Date "2019.10.25"]
[Round "2.14"]
[Board "2"]
[White "Volodin, Aleksandr"]
[Black "Stupak, Kirill"]
[Result "1/2-1/2"]
[WhiteTitle "GM"]
[BlackTitle "GM"]
[WhiteElo "2491"]
[BlackElo "2551"]
[WhiteTeam "Estonia"]
[BlackTeam "Belarus"]
[WhiteFideId "4501950"]
[BlackFideId "13503758"]
[EventDate "2019.10.24"]

1. d4 Nf6 2. c4 e6 3. Nf3 Bb4+ 4. Bd2 a5 5. g3 b6 6. Bg2 Bb7 7. O-O O-O 8. Bf4
Be7 9. Nc3 Ne4 10. Qc2 Nxc3 11. Qxc3 Na6 12. Rfd1 d6 13. a3 c5 14. Qc2 cxd4 15.
Ng5 Bxg5 16. Bxb7 Ra7 17. Bxg5 Qxg5 18. Bxa6 Rxa6 19. Rxd4 b5 20. Rad1 Qc5 21.
Qd2 bxc4 22. Rxd6 Rxd6 23. Qxd6 Qxd6 24. Rxd6 Rb8 25. Rd2 Kf8 26. e3 Ke7 27. Kg2
c3 28. bxc3 Rb3 29. a4 Rxc3 30. Rd4 Rb3 31. Kf3 Ra3 32. h4 h5 33. Ke4 Ra2 34. f4
Rg2 1/2-1/2

[Event "22nd European Teams"]
[Site "Batumi GEO"]
[Date "2019.10.25"]
[Round "2.14"]
[Board "3"]
[White "Nikitenko, Mihail"]
[Black "Seeman, Tarvo"]
[Result "0-1"]
[WhiteTitle "IM"]
[BlackTitle "IM"]
[WhiteElo "2423"]
[BlackElo "2394"]
[WhiteTeam "Belarus"]
[BlackTeam "Estonia"]
[WhiteFideId "13506862"]
[BlackFideId "4500547"]
[EventDate "2019.10.24"]

1. e4 d6 2. d4 Nf6 3. Nc3 e5 4. Nf3 Nbd7 5. Bc4 Be7 6. O-O O-O 7. Re1 a6 8. a4
b6 9. h3 Bb7 10. d5 Kh8 11. Qe2 Ng8 12. Bd2 g6 13. Na2 a5 14. b4 f5 15. exf5
gxf5 16. Reb1 Bf6 17. Bc3 Ne7 18. Qd1 axb4 19. Nxb4 Nc5 20. Bb5 Rg8 21. Ra3 Ng6
22. Ba1 Qe7 23. Nc6 Qg7 24. Ne1 Raf8 25. Bf1 f4 26. a5 bxa5 27. Rxa5 Bc8 28. Ra3
Bf5 29. Rb4 Nh4 30. Kh2 Be4 31. Rxe4 Nxe4 32. Qe2 Qg6 33. Ra4 Ng5 34. Qg4 Qh6
35. Qd1 f3 36. g3 Ng2 37. Nxg2 Qxh3+ 38. Kg1 fxg2 39. Bxg2 Qf5 40. Kf1 Nh3 41.
Bf3 Bg7 42. Ra3 Rf7 43. Qe2 Rgf8 44. Bg4 Qxf2+ 45. Qxf2 Rxf2+ 46. Ke1 Ng5 47.
Nb4 Ne4 48. Bb2 Bh6 49. Nd3 Rh2 0-1

[Event "22nd European Teams"]
[Site "Batumi GEO"]
[Date "2019.10.25"]
[Round "2.14"]
[Board "4"]
[White "Sepp, Olav"]
[Black "Zarubitski, Viachaslau"]
[Result "1/2-1/2"]
[WhiteTitle "IM"]
[BlackTitle "IM"]
[WhiteElo "2411"]
[BlackElo "2435"]
[WhiteTeam "Estonia"]
[BlackTeam "Belarus"]
[WhiteFideId "4500105"]
[BlackFideId "13509373"]
[EventDate "2019.10.24"]

1. Nf3 d5 2. g3 c6 3. Bg2 Bf5 4. d3 Nf6 5. O-O e6 6. c4 dxc4 7. dxc4 Nbd7 8. Nc3
h6 9. h3 Qc7 10. Nd4 Bh7 11. e4 Be7 12. Qe2 O-O 13. Rd1 Rfe8 14. Kh2 Bg6 15. Be3
Bb4 16. Bd2 Bc5 17. Be3 Rad8 18. a3 e5 19. Nc2 Bxe3 20. Qxe3 a6 21. c5 Nf8 22.
b4 Ne6 23. Rxd8 Rxd8 24. Rd1 h5 25. Rxd8+ Qxd8 26. Bf1 h4 27. Bc4 hxg3+ 28. fxg3
Qd7 29. Qd3 Nd4 30. Nxd4 exd4 31. Ne2 Bxe4 32. Qxd4 Qf5 33. Nc3 Qf3 34. Nxe4
Nxe4 35. Qd8+ Kh7 36. Qh4+ Kg6 37. Qf4 Qxf4 38. gxf4 a5 39. Kg2 axb4 40. axb4
Kf6 41. Bd3 Nc3 42. Kf3 Nd5 43. b5 cxb5 44. Bxb5 Nc7 45. Bc4 Kf5 46. Bxf7 Na6
47. Bc4 Nxc5 48. Ke3 b6 49. Be2 Ke6 50. Kd4 Kf5 51. Ke3 Ke6 52. Kd4 Kd6 53. Bc4
Nb7 54. Bd3 Nd8 55. Ke4 Ke6 56. Kd4 Nb7 57. Be2 Kf5 58. Ke3 Nd6 59. Bg4+ Kf6 60.
Kd4 Nf5+ 61. Ke4 Ne7 62. Bd7 Ng6 63. Bb5 Nf8 64. Bd3 Ne6 65. Be2 Nc7 66. Bg4 Ne6
67. Be2 Nc7 68. Bg4 b5 69. f5 Kg5 70. Kd4 Ne8 71. Ke5 Nf6 72. Bd1 b4 73. Bc2 Kh4
74. Ke6 Kg5 75. Kf7 Kh6 76. Ke6 Nh7 77. h4 Nf6 78. Kf7 Ng4 79. Ke6 Kh5 80. Kf7
Kh6 81. Ke6 Nf6 82. Kf7 Kh7 83. Ke6 Kg8 84. Ke7 Ng4 85. Bd1 Ne3 86. Bb3+ Kh7 87.
f6 Nf5+ 88. Kf7 gxf6 89. Bc2 b3 1/2-1/2

[Event "22nd European Teams"]
[Site "Batumi GEO"]
[Date "2019.10.25"]
[Round "2.15"]
[Board "1"]
[White "Stefansson, Hannes"]
[Black "Indjic, Aleksandar"]
[Result "0-1"]
[WhiteTitle "GM"]
[BlackTitle "GM"]
[WhiteElo "2541"]
[BlackElo "2638"]
[WhiteTeam "Iceland"]
[BlackTeam "Serbia"]
[WhiteFideId "2300087"]
[BlackFideId "911925"]
[EventDate "2019.10.24"]

1. d4 Nf6 2. c4 b6 3. Nc3 Bb7 4. Qc2 d5 5. cxd5 Nxd5 6. Nf3 e6 7. e4 Nxc3 8.
bxc3 Be7 9. Bb5+ c6 10. Bd3 c5 11. O-O O-O 12. d5 exd5 13. exd5 h6 14. c4 Nd7
15. Bf4 Nf6 16. Rfe1 Bd6 17. Bg3 Bxg3 18. hxg3 Qd6 19. Nh4 Bc8 20. Bf5 Bd7 21.
Bxd7 Qxd7 22. Nf5 Rfe8 23. d6 Rxe1+ 24. Rxe1 Re8 25. Ne7+ Kf8 26. Rd1 Rd8 27. f3
Qe6 28. Nc6 Rxd6 29. Nxa7 Ne8 30. Rb1 Qd7 31. Nb5 Rd2 32. Qe4 Kg8 33. Nc3 Nf6
34. Qe3 Rd6 35. Ne4 Nxe4 36. Qxe4 Re6 37. Qc2 Qd4+ 38. Kf1 Qe5 39. Rd1 g6 40. g4
Re8 41. Qd2 Qe6 42. Rc1 Ra8 43. Rc2 Kg7 44. Kf2 Qf6 45. Kg3 Qe5+ 46. Kf2 Ra3 47.
Qc1 Qd4+ 48. Kg3 Qd6+ 49. Qf4 Qe6 50. Kf2 Qf6 51. Qd2 Ra4 52. Qe3 Qa1 53. Qd2
Rb4 54. Qe3 Rb1 55. Kg3 g5 56. Re2 Rc1 57. Qe4 Qf6 58. Rd2 Ra1 59. Qe3 Rc1 60.
Qe4 Qc3 61. Rd7 Re1 62. Qd5 Qf6 63. Qf5 Qxf5 64. gxf5 Re2 65. a3 Ra2 66. Rd3 Rb2
67. Rd6 Rb3 68. Kg4 Rxa3 69. Rxb6 Rc3 70. g3 Rxc4+ 71. Kh5 Rc1 72. Rc6 c4 73.
Kg4 c3 74. Kh3 h5 75. Kg2 h4 76. gxh4 gxh4 77. Kh2 c2 78. Kg2 h3+ 79. Kh2 Kh7
80. f4 Kg7 81. Rc3 f6 82. Rc6 Kf7 83. Rc7+ Ke8 0-1

[Event "22nd European Teams"]
[Site "Batumi GEO"]
[Date "2019.10.25"]
[Round "2.15"]
[Board "2"]
[White "Sedlak, Nikola"]
[Black "Kjartansson, Gudmundur"]
[Result "0-1"]
[WhiteTitle "GM"]
[BlackTitle "IM"]
[WhiteElo "2557"]
[BlackElo "2459"]
[WhiteTeam "Serbia"]
[BlackTeam "Iceland"]
[WhiteFideId "922900"]
[BlackFideId "2301318"]
[EventDate "2019.10.24"]

1. d4 d5 2. c4 e6 3. Nf3 Nf6 4. Nc3 c6 5. Qb3 dxc4 6. Qxc4 b5 7. Qd3 a6 8. g4 c5
9. g5 Nd5 10. Nxd5 Qxd5 11. Bg2 Bb7 12. Rg1 Qd6 13. Be3 c4 14. Qc2 Nc6 15. a3
Ne7 16. Bd2 Qc7 17. h4 Nd5 18. Ne5 Bd6 19. Bxd5 Bxd5 20. f3 Qb6 21. Ng4 e5 22.
Qf5 Qxd4 23. Be3 Be6 24. Bxd4 Bxf5 25. Nxe5 O-O 26. Ng4 Rfe8 27. Kf2 Rad8 28.
Ne3 Bg6 29. Rad1 Bf4 30. Bb6 Rb8 31. Ba7 Rb7 32. Nd5 Bc2 33. Nxf4 Bxd1 34. Bd4
Bc2 35. Nh5 Rd8 36. Bxg7 Bg6 37. Bf6 Rd2 38. Nf4 Rbd7 39. h5 Bf5 40. Bc3 Rc2 41.
Kg3 a5 42. e4 Be6 43. g6 hxg6 44. hxg6 b4 45. axb4 axb4 46. Bxb4 Rxb2 47. Bc3
Rb3 48. Be5 Rb5 49. Bf6 fxg6 50. e5 Bf5 51. Rh1 Rh7 52. Ra1 Rb8 53. e6 Rc8 54.
e7 Kf7 55. Nd5 Be6 56. Ra7 Rh3+ 57. Kg2 Bxd5 58. e8=Q+ Kxe8 59. Kxh3 Rc6 60. Bc3
Bxf3 61. Kg3 Be4 62. Kf4 Re6 63. Rc7 Bd3 64. Ra7 Re7 65. Ra8+ Kd7 66. Ra7+ Ke6
67. Ra6+ Kd5 68. Ra5+ Kc6 69. Ra6+ Kb5 70. Ra5+ Kb6 71. Rd5 Re4+ 72. Kg5 Re2 73.
Bd4+ Kc6 74. Rc5+ Kd6 75. Rc8 Re6 76. Bc3 Kd5 77. Kf4 Re4+ 78. Kf3 Re6 79. Kf4
Rb6 80. Rd8+ Kc6 81. Ke3 Kb5 82. Ra8 Rd6 83. Ra5+ Kb6 84. Ra8 g5 85. Rg8 Rg6 86.
Rxg6+ Bxg6 87. Bf6 g4 88. Kf4 Bh5 89. Be5 Kc5 90. Kg5 Kd5 91. Bg3 c3 0-1

[Event "22nd European Teams"]
[Site "Batumi GEO"]
[Date "2019.10.25"]
[Round "2.15"]
[Board "3"]
[White "Thorfinnsson, Bragi"]
[Black "Zajic, Milan"]
[Result "0-1"]
[WhiteTitle "GM"]
[BlackTitle "GM"]
[WhiteElo "2436"]
[BlackElo "2477"]
[WhiteTeam "Iceland"]
[BlackTeam "Serbia"]
[WhiteFideId "2300958"]
[BlackFideId "912336"]
[EventDate "2019.10.24"]

1. Nf3 d5 2. b3 Bg4 3. Bb2 e6 4. e3 Nd7 5. c4 c6 6. Be2 Ngf6 7. O-O Bd6 8. cxd5
exd5 9. Nd4 Bxe2 10. Qxe2 O-O 11. f4 Re8 12. Nc3 Bf8 13. Qf3 Nc5 14. Rad1 a5 15.
Na4 Nxa4 16. bxa4 Ne4 17. Nf5 g6 18. d3 Nd6 19. Ng3 f5 20. Be5 Bg7 21. d4 Nc4
22. Ne2 Qe7 23. Rd3 Qb4 24. g4 Nd2 25. Rxd2 fxg4 26. Qxg4 Qxd2 27. Ng3 Qxe3+ 28.
Kh1 Bxe5 29. fxe5 Rf8 30. Qe6+ Kh8 31. Rf7 Qe1+ 32. Kg2 Qd2+ 33. Kh1 Qe1+ 34.
Kg2 Qd2+ 35. Kh1 Rxf7 36. Qxf7 Qc1+ 37. Kg2 Qd2+ 38. Kh1 Qh6 39. Qxb7 Qc1+ 40.
Kg2 Rf8 41. Qe7 Qd2+ 42. Kh3 Qb4 43. Qd7 Qb8 44. Kg2 Qc8 45. Qd6 Re8 46. Qf6+
Kg8 47. Qd6 Qe6 48. Qc7 h5 49. h3 Rf8 50. Qxa5 h4 51. Nh1 Qf5 52. Qe1 Qf3+ 53.
Kh2 Qf4+ 54. Kg2 Qf3+ 55. Kh2 Rb8 56. Qc1 Qe2+ 0-1